000 00387nam a22001337a 4500
082 _a001
_bIET/K
100 _aIET PUBLICATIONS
245 _aKERALA MEDICAL ENTRANCE RANK FILE
260 _aTRIVANDRUM
_bIET PUBLICATIONS
_c1989
300 _a928
520 _aPREVIOUS SOLVED PAPERS FROM 1989-2008, A SELF PRACTICE COURSE BOOK
650 _aMEDICAL ENTRANCE REFERENCE
_zKERALA
942 _cBK
999 _c1700
_d1700